000 00688nam a2200241Ia 4500
003 OSt
005 20221005040333.0
006 a|||||r|||| 00| 0
007 ta
008 221004b |||||||| |||| 00| 0 eng d
024 _a49937
037 _cTextual
040 _aCRL
_cCRL
_beng
041 _2eng
_aeng
082 _aP157,31:1, 111N0
100 _aGangopadhyay Malaya
_925144
245 0 _aNoun phrase in Bengali
_b Assignment of role and Karaka theory.
260 _aDelhi
_bMotilal Banarsidass India
_c1990
300 _a357p.
_ccm.
650 _aLINGUISTICS
942 _hP157,31:1, 111N0
_cTEXL
_2cc
999 _c946751
_d946751